00796nam a2200265 a 4500001001000000003000500010005001700015008004100032010001100073011001100084040000900095082001700104100002300121245014000144250001000284260007100294300001100365650001600376650002600392650002000418650001900438650003300457700002000490700002000510000109948CHAP20231009090411.0140613s1996 mx |r| ||||||spa d a106410 a107382 cCHAP04a615.53bG2161 aGarcía, Hernán10aMedicina Maya tradicional :bconfrontación con el sistema conceptual chino /cpor Hernán García, Antonio Sierra y Gilberto Balam. a? ed. aMéxico, D. F. :bEducación, Cultura y Ecología, A.C.,c1996. a340 P.14aCuranderos.14aMedicina alternativa.14aMedicina china.14aMedicina Maya.14aTerapéutica fisiológica.1 aBalam, Gilberto1 aSierra, Antonio